Leasing

Bibliographic Details
Corporate Author: Harvard business review (Author)
Format: Book
Published: Boston, Mass. : Harvard Business Review , c1963
Subjects:

MARC

LEADER 00000cam a2200000 7i4500
001 0000005019
005 20021118093000.0
008 021118n
020 |a 0867350008 
090 0 0 |a HD39.4   |b .H3 
110 0 |a Harvard business review   |e author 
245 0 0 |a Leasing   |c by the editors of the Harvard Business Review 
260 2 |a Boston, Mass. :   |b Harvard Business Review ,   |c c1963 
650 0 |a Lease or buy decisions 
650 0 |a Lease   |z United States 
999 |a 1000033123   |b Book   |c Reference   |e Gong Badak Campus